[Event "Tournoi de +55 ans de Muret"]
[Site "Muret"]
[Date "2014.06.23"]
[Round "1.1"]
[White "Peric, Slavisa"]
[Black "Tourenne, Dominique"]
[Result "1/2-1/2"]
[WhiteElo "2177"]
[BlackElo "1690"]
[PlyCount "119"]
[EventDate "2014.??.??"]

1. d4 Nf6 2. Nf3 g6 3. Nc3 d5 4. Bf4 c6 5. Qd2 Bg7 6. Bh6 O-O 7. h3 Nbd7 8.
Bxg7 Kxg7 9. e3 Qc7 10. b4 b5 11. a4 bxa4 12. Rxa4 a5 13. Bd3 Bb7 14. O-O axb4
15. Rxb4 Ba6 16. Rfb1 Bxd3 17. cxd3 Rfb8 18. Rxb8 Rxb8 19. Rc1 Qa5 20. e4 dxe4
21. dxe4 e5 22. dxe5 Nxe5 23. Nxe5 Qxe5 24. f4 Qa5 25. e5 Nd5 26. f5 gxf5 27.
Qg5+ Kh8 28. Nxd5 Qxd5 29. Qf6+ Kg8 30. Qxf5 Re8 31. Qg5+ Kh8 32. Qf6+ Kg8 33.
Rxc6 Qxe5 34. Qxe5 Rxe5 35. Kf2 Kg7 36. Kf3 f6 37. Kf4 Ra5 38. g4 h6 39. h4 h5
40. g5 fxg5+ 41. hxg5 h4 42. Rh6 Ra4+ 43. Kf5 Ra5+ 44. Kg4 Ra4+ 45. Kh3 Rb4 46.
Rxh4 Rxh4+ 47. Kxh4 Kg6 48. Kg4 Kg7 49. Kf5 Kf7 50. g6+ Kg7 51. Kg5 Kg8 52. Kh4
Kh8 53. Kh5 Kg7 54. Kg5 Kg8 55. Kf4 Kf8 56. Ke5 Kg7 57. Kf5 Kg8 58. Kf6 Kf8 59.
g7+ Kg8 60. Kg6 1/2-1/2

[Event "Tournoi de +55 ans de Muret"]
[Site "Muret"]
[Date "2014.06.23"]
[Round "1.2"]
[White "Moruzzi, Gerard"]
[Black "Gregory, Daniel"]
[Result "0-1"]
[WhiteElo "1675"]
[BlackElo "2077"]
[PlyCount "90"]
[EventDate "2014.??.??"]

1. e4 c5 2. c4 Nc6 3. Nc3 e6 4. g3 Nge7 5. Bg2 a6 6. d3 g6 7. Nge2 Bg7 8. Be3
d6 9. O-O O-O 10. Qd2 Nd4 11. g4 d5 12. h3 Nxe2+ 13. Nxe2 dxe4 14. Bxe4 Qc7 15.
Bf4 Qb6 16. Rab1 Rd8 17. Qc2 Nc6 18. a3 Bd7 19. Rfd1 Rac8 20. Be3 e5 21. Nc3
Nd4 22. Bxd4 exd4 23. Nd5 Qd6 24. Qe2 Rf8 25. Bg2 Rce8 26. Qf1 f5 27. gxf5 Bxf5
28. Re1 Kh8 29. Rxe8 Rxe8 30. b4 b5 31. cxb5 axb5 32. bxc5 Qxc5 33. Nb4 Qc3 34.
Qc1 Rc8 35. Qxc3 dxc3 36. Rc1 Bh6 37. Rc2 Bf4 38. Kf1 Bd2 39. h4 Re8 40. Bc6
Re1+ 41. Kg2 Ra1 42. Bxb5 Rxa3 43. Bc4 Ra4 44. Nd5 Rxc4 45. Rxd2 cxd2 0-1

[Event "Tournoi de +55 ans de Muret"]
[Site "Muret"]
[Date "2014.06.23"]
[Round "1.3"]
[White "Milnes, Anthony C P"]
[Black "Parpinel, Mario"]
[Result "1-0"]
[WhiteElo "2043"]
[BlackElo "1665"]
[PlyCount "65"]
[EventDate "2014.??.??"]

1. f4 d5 2. Nf3 Nc6 3. d4 Bf5 4. e3 a6 5. Bd3 Be4 6. O-O Nf6 7. b3 e6 8. c4
Bxd3 9. Qxd3 Nb4 10. Qe2 Ne4 11. Bb2 f5 12. Nc3 Nc6 13. Nxe4 fxe4 14. Ne5 Nxe5
15. fxe5 c6 16. c5 Qd7 17. b4 Be7 18. a4 h5 19. Bc3 g6 20. Rab1 Rf8 21. b5
Rxf1+ 22. Qxf1 Bg5 23. Bd2 axb5 24. axb5 Ra3 25. bxc6 Qxc6 26. Rb6 Qd7 27. Qc1
Ra7 28. c6 bxc6 29. Rxc6 Kf7 30. Rd6 Qc7 31. Qf1+ Ke7 32. h4 Bxh4 33. Qf4 1-0

[Event "Tournoi de +55 ans de Muret"]
[Site "Muret"]
[Date "2014.06.23"]
[Round "1.4"]
[White "Hocher, Eugene"]
[Black "Tholey, Jean-Paul"]
[Result "1/2-1/2"]
[WhiteElo "1657"]
[BlackElo "1903"]
[PlyCount "106"]
[EventDate "2014.??.??"]

1. d4 Nf6 2. Nf3 d5 3. c4 e6 4. Nc3 Nbd7 5. e3 c6 6. Bd3 dxc4 7. Bxc4 b5 8. Bd3
a6 9. O-O c5 10. Ne4 Bb7 11. Nxf6+ Qxf6 12. Be2 Be7 13. b3 Rd8 14. Bb2 O-O 15.
Qc2 Qh6 16. Rad1 Rc8 17. Qb1 Rfd8 18. Bc1 Qg6 19. Qxg6 hxg6 20. Bb2 Bf6 21. Rd2
Nb6 22. Bc3 b4 23. Bb2 c4 24. bxc4 Nxc4 25. Bxc4 Rxc4 26. Ne1 e5 27. Rc2 Rxc2
28. Nxc2 exd4 29. Nxd4 Bd5 30. a3 b3 31. Rc1 Be4 32. Rc4 Bd3 33. Rc3 Bc2 34.
Kf1 a5 35. Ke2 Kh7 36. Rc4 Bxd4 37. exd4 Bf5 38. Kd2 Be6 39. Rc5 a4 40. Kc3 Re8
41. Kd2 Bg4 42. f3 Be6 43. h3 f6 44. Rc3 Kg8 45. Re3 Kf7 46. Rc3 Bd5 47. Rc5
Ke6 48. Rc7 Re7 49. Rc5 Kd6 50. Bc3 Ke6 51. Bb4 Rb7 52. Kc3 Rb6 53. Rc7 Rc6+
1/2-1/2

s,A-Parpinel,M/Muret 0} 1/2-1/2

[Event "Tournoi de +55 ans de Muret"]
[Site "Muret"]
[Date "2014.06.23"]
[Round "1.5"]
[White "Patrat, Joel"]
[Black "De Biasi, Robert"]
[Result "0-1"]
[WhiteElo "1867"]
[BlackElo "1630"]
[PlyCount "130"]
[EventDate "2014.??.??"]

1. f4 Nf6 2. e3 e6 3. d4 Be7 4. Nf3 Nc6 5. c3 d5 6. Bd3 Ne4 7. O-O O-O 8. Nbd2
f5 9. Ne5 Nxe5 10. fxe5 c5 11. Rf3 c4 12. Bc2 Bd7 13. Rh3 Be8 14. Nf3 Bg6 15.
Bd2 Qe8 16. Be1 Bh5 17. Qc1 g5 18. Nd2 g4 19. Rg3 Nxg3 20. Bxg3 Bg5 21. Nf1 Qe7
22. Bf4 Rf7 23. Bd1 Bg6 24. g3 h5 25. Be2 Kg7 26. Qd1 Rh8 27. b3 b5 28. bxc4
dxc4 29. a4 Bxf4 30. exf4 a6 31. axb5 axb5 32. d5 Qc5+ 33. Kg2 exd5 34. Qd2 h4
35. Ne3 h3+ 36. Kf1 Rd8 37. Nc2 Re7 38. Nd4 Kh6 39. Ra6 Qc8 40. Rc6 Rc7 41. Rf6
Kh7 42. Ne6 Ra7 43. Nxd8 Qxd8 44. Rd6 Ra1+ 45. Bd1 Qa5 46. Rxd5 Ra2 47. Rd7+
Kh6 48. Qd6 Qa8 49. Qd5 Qxd5 50. Rxd5 Rxh2 51. e6 Rh1+ 52. Kf2 Rh2+ 53. Kg1
Rg2+ 54. Kh1 Rxg3 55. Re5 Rxc3 56. e7 Rc1 57. Re6 Rxd1+ 58. Kh2 Kh7 59. Rxg6
Re1 60. Rf6 Rxe7 61. Rxf5 Re2+ 62. Kh1 b4 63. Rg5 Rg2 64. Rb5 b3 65. Rc5 b2 0-1

[Event "Tournoi de +55 ans de Muret"]
[Site "Muret"]
[Date "2014.06.23"]
[Round "1.6"]
[White "Mauduit, Emile"]
[Black "Orlovic, Isa"]
[Result "0-1"]
[WhiteElo "1619"]
[BlackElo "1856"]
[PlyCount "46"]
[EventDate "2014.??.??"]

1. d4 Nf6 2. f4 b5 3. e3 Bb7 4. Nf3 a6 5. Bd3 e6 6. Nbd2 c5 7. c3 Nd5 8. Qe2 c4
9. Bc2 Be7 10. O-O O-O 11. Ne4 f5 12. Ng3 Nf6 13. Ne5 d6 14. Nf3 Bxf3 15. Qxf3
d5 16. Bd2 Nbd7 17. b3 Nb6 18. Bd1 Qd7 19. Be2 Rac8 20. bxc4 Nxc4 21. Bxc4 Rxc4
22. Rfc1 Rfc8 23. Rab1 Ba3 0-1

[Event "Tournoi de +55 ans de Muret"]
[Site "Muret"]
[Date "2014.06.23"]
[Round "1.7"]
[White "De Lagontrie, Jean"]
[Black "Fora, Jean-Paul"]
[Result "1-0"]
[WhiteElo "1855"]
[BlackElo "1532"]
[PlyCount "93"]
[EventDate "2014.??.??"]

1. d4 e6 2. c4 f5 3. g3 Nf6 4. Bg2 d5 5. Nh3 c6 6. O-O Bd6 7. c5 Bc7 8. Bf4
Bxf4 9. Nxf4 O-O 10. Nd2 Qe8 11. Nf3 Nh5 12. Nd3 Nf6 13. e3 Ne4 14. Nfe5 Nd7
15. f3 Nef6 16. Qd2 Nxe5 17. Nxe5 Nd7 18. Nxd7 Bxd7 19. e4 fxe4 20. fxe4 Qh5
21. e5 Be8 22. Rxf8+ Kxf8 23. Rf1+ Kg8 24. Bf3 Qh3 25. Qg5 Bg6 26. Bg4 Qh6 27.
Qxh6 gxh6 28. Bxe6+ Kg7 29. h4 Rf8 30. b4 Rxf1+ 31. Kxf1 Bd3+ 32. Kf2 b6 33.
Ke3 Bb5 34. Bf5 Ba6 35. g4 bxc5 36. bxc5 Bb7 37. Kf4 a5 38. e6 Kf6 39. g5+
hxg5+ 40. hxg5+ Ke7 41. Ke5 Bc8 42. Bg4 Ba6 43. a3 Bb7 44. Bf5 Bc8 45. a4 Ba6
46. Bxh7 Bc8 47. Bf5 1-0

[Event "Tournoi de +55 ans de Muret"]
[Site "Muret"]
[Date "2014.06.23"]
[Round "1.8"]
[White "Flourac, Jean-Paul"]
[Black "Auge, Jean"]
[Result "0-1"]
[WhiteElo "1531"]
[BlackElo "1851"]
[PlyCount "36"]
[EventDate "2014.??.??"]

1. d4 d5 2. e4 dxe4 3. Nc3 Nf6 4. f3 exf3 5. Nxf3 Bg4 6. h3 Bxf3 7. Qxf3 c6 8.
Be3 e6 9. Bd3 Bb4 10. O-O Nbd7 11. Ne4 Qe7 12. c3 Nxe4 13. Bxe4 Bd6 14. Bg5
Qxg5 15. Qxf7+ Kd8 16. Qxe6 Qe3+ 17. Kh1 Qg3 18. Kg1 Re8 0-1

[Event "Tournoi de +55 ans de Muret"]
[Site "Muret"]
[Date "2014.06.23"]
[Round "1.9"]
[White "Darrigues, Alain"]
[Black "Fabre, Pierre"]
[Result "1-0"]
[WhiteElo "1831"]
[BlackElo "1392"]
[PlyCount "69"]
[EventDate "2014.??.??"]

1. d4 Nf6 2. c4 e6 3. Nc3 Bb4 4. e3 d5 5. Bd3 Nbd7 6. Nf3 O-O 7. O-O c5 8. a3
Bxc3 9. bxc3 b6 10. cxd5 exd5 11. a4 c4 12. Bf5 Re8 13. Ba3 Nf8 14. Bxc8 Rxc8
15. Qc2 Ne4 16. Rae1 Ng6 17. Nd2 Qd7 18. Bc1 a6 19. f3 Nd6 20. Ba3 Re6 21. Bxd6
Qxd6 22. e4 dxe4 23. fxe4 b5 24. axb5 axb5 25. e5 Qb6 26. Qf5 Rf8 27. Kh1 Ne7
28. Qf3 Qd8 29. Rb1 Qd7 30. Ne4 Nd5 31. Nc5 Qc8 32. Qxd5 Rd8 33. Qb7 Qxb7 34.
Nxb7 Rb6 35. Nxd8 1-0

[Event "Tournoi de +55 ans de Muret"]
[Site "Muret"]
[Date "2014.06.23"]
[Round "1.10"]
[White "Hazarabedian, Guy"]
[Black "Riviere, Gerard"]
[Result "0-1"]
[WhiteElo "1381"]
[BlackElo "1791"]
[PlyCount "108"]
[EventDate "2014.??.??"]

1. d4 Nf6 2. f4 d5 3. e3 e6 4. Nf3 c5 5. c3 Bd7 6. Be2 Nc6 7. O-O b6 8. Nbd2
Be7 9. Ne5 cxd4 10. Nxd7 Qxd7 11. cxd4 O-O 12. a3 a6 13. Bd3 Rfc8 14. Qe2 Qa7
15. b4 b5 16. Nb3 Ne4 17. Bxe4 dxe4 18. Bd2 Bf6 19. Rac1 Ne7 20. Rxc8+ Rxc8 21.
Nc5 Nd5 22. Nxe4 Rc4 23. Nc5 Be7 24. Rc1 Nb6 25. Qd3 Rxc1+ 26. Bxc1 Nc4 27. Kf2
a5 28. Qb3 axb4 29. axb4 Qa1 30. Nd3 Qa4 31. Qb1 Qd1 32. Nb2 Qb3 33. Qd3 Qxb4
34. Nxc4 bxc4 35. Qc2 f5 36. Bd2 Qb3 37. Qc3 Qa2 38. Kf3 Qa8+ 39. Kf2 Qd5 40.
h3 h6 41. Qb2 Kf7 42. Qc3 g5 43. Qa5 gxf4 44. Qxd5 fxe3+ 45. Kxe3 Bg5+ 46. Ke2
exd5 47. Bc3 Ke6 48. Kf3 Kd6 49. Kg3 Kc6 50. h4 Bc1 51. Kf3 Kb5 52. Ke2 Ka4 53.
Kd1 Kb3 54. Ba1 Bb2 0-1

[Event "Tournoi de +55 ans de Muret"]
[Site "Muret"]
[Date "2014.06.23"]
[Round "1.11"]
[White "Saunders, Mark"]
[Black "Lamory, Jacques"]
[Result "1-0"]
[WhiteElo "1759"]
[BlackElo "1200"]
[PlyCount "55"]
[EventDate "2014.??.??"]

1. e4 c5 2. d4 g6 3. Nf3 Bg7 4. Bc4 e6 5. O-O Ne7 6. c3 a6 7. dxc5 Nbc6 8. Bf4
b6 9. cxb6 Qxb6 10. Qe2 d6 11. Bxd6 Ra7 12. Na3 Rd7 13. Bxe7 Nxe7 14. Rfd1 O-O
15. Rxd7 Bxd7 16. Bxa6 Ra8 17. Bb5 Bc8 18. Rd1 Bxc3 19. bxc3 Rxa3 20. c4 Nc6
21. Bxc6 Qxc6 22. Rd8+ Kg7 23. Qb2+ f6 24. Qxa3 Kh6 25. Qf8+ Kh5 26. Qg7 Qxc4
27. Qxh7+ Kg4 28. Qh4# 1-0

[Event "Tournoi de +55 ans de Muret"]
[Site "Muret"]
[Date "2014.06.23"]
[Round "1.12"]
[White "Orlovic, Lucie"]
[Black "Lecoultre, Patrick"]
[Result "0-1"]
[WhiteElo "1108"]
[BlackElo "1702"]
[PlyCount "52"]
[EventDate "2014.??.??"]

1. e4 c5 2. Nf3 g6 3. Bc4 Bg7 4. d3 Nf6 5. h3 Nc6 6. a3 O-O 7. Be3 b6 8. Nc3
Bb7 9. Nd5 Nxd5 10. Bxd5 Bxb2 11. Rb1 Bc3+ 12. Bd2 Bg7 13. O-O e6 14. Bb3 d5
15. Re1 Re8 16. Bf4 dxe4 17. Rxe4 Ne7 18. Qd2 Bxe4 19. dxe4 Qxd2 20. Nxd2 Red8
21. Be3 Nc6 22. Rd1 Nd4 23. Kf1 Rd7 24. Nf3 Rad8 25. c3 Nxb3 26. Ne5 Rxd1+ 0-1

[Event "Tournoi de +55 ans de Muret"]
[Site "Muret"]
[Date "2014.06.24"]
[Round "2.1"]
[White "Gregory, Daniel"]
[Black "Darrigues, Alain"]
[Result "1/2-1/2"]
[WhiteElo "2077"]
[BlackElo "1831"]
[PlyCount "171"]
[EventDate "2014.??.??"]

1. d4 Nf6 2. Nf3 g6 3. g3 Bg7 4. Bg2 O-O 5. O-O d6 6. c4 c5 7. Nc3 Nc6 8. d5
Na5 9. Nd2 Bd7 10. Qc2 a6 11. a4 Rb8 12. Rb1 h5 13. h4 Qc8 14. Re1 Bh3 15. Bh1
Ng4 16. e3 Ne5 17. Ne2 b5 18. axb5 axb5 19. cxb5 Rxb5 20. Nf4 Bd7 21. Nf3 Bf5
22. e4 Nxf3+ 23. Bxf3 Bg4 24. Bg2 Nb3 25. Be3 Nd4 26. Bxd4 Bxd4 27. Ne2 Bxe2
28. Rxe2 Qb7 29. e5 Bxe5 30. f4 Bd4+ 31. Kh2 Kg7 32. f5 Rb8 33. fxg6 fxg6 34.
Re6 Bf6 35. Rf1 Rxb2 (35... Qc7 36. Qe4 R8b7) 36. Qe4 Rf8 37. Kh3 (37. Rfxf6 $1
Rxg2+ 38. Kxg2 Qb2+ 39. Kh3 exf6 40. Re7+ Rf7 41. Rxf7+ Kxf7 42. Qe6+ Kg7 43.
Qe7+ Kh6 44. Qf8+ $11) 37... Rf7 38. Bf3 Qb4 39. g4 hxg4+ 40. Bxg4 Rb3+ 41. Kg2
Qxe4+ 42. Rxe4 Rb4 43. Rxb4 cxb4 44. h5 gxh5 45. Bxh5 Rf8 46. Rb1 Bc3 47. Be2
Rf4 48. Bd1 Kf6 49. Bb3 Ke5 50. Kg3 Rf8 51. Rh1 Rf7 52. Rd1 Ke4 53. Bc4 Rf3+
54. Kg4 Be5 55. Ba2 Rg3+ 56. Kh4 Rg2 57. Bb1+ Kf4 58. Kh5 Bf6 59. Re1 Rg5+ (
59... b3) 60. Kh6 Rxd5 61. Re4+ Kf3 62. Rxb4 Rd4 63. Rb3+ Ke2 64. Kg6 Rd5 65.
Kf7 Re5 66. Bd3+ Kd2 67. Ba6 Kc2 68. Rh3 Re1 (68... d5) 69. Bc4 Bd4 70. Rd3 e5
71. Ke6 Bc5 72. Rh3 Rc1 73. Bd3+ Kc3 74. Be4+ Kb4 75. Bd5 Rc3 76. Rh4+ Ka3 77.
Rh2 Re3 78. Ra2+ Kb4 79. Rb2+ Kc3 80. Rb3+ Kd4 81. Rxe3 Kxe3 82. Kf5 Kd4 83.
Bc6 Bb4 84. Bb7 d5 85. Ke6 e4 86. Bxd5 1/2-1/2

[Event "Tournoi de +55 ans de Muret"]
[Site "Muret"]
[Date "2014.06.24"]
[Round "2.2"]
[White "Riviere, Gerard"]
[Black "Milnes, Anthony C P"]
[Result "0-1"]
[WhiteElo "1791"]
[BlackElo "2043"]
[PlyCount "56"]
[EventDate "2014.??.??"]

1. d4 e6 2. Nf3 f5 3. c4 Nf6 4. Nc3 Bb4 5. Qb3 Qe7 6. a3 Bxc3+ 7. Qxc3 d6 8. b4
Ne4 9. Qc2 O-O 10. e3 b6 11. Be2 Bb7 12. O-O Nd7 13. Bb2 Rf6 14. Rad1 Rg6 15.
d5 Ng5 16. Kh1 Nxf3 17. Bxf3 Rf8 18. g3 e5 19. Bg2 Bc8 20. f4 Nf6 21. fxe5 dxe5
22. c5 Ng4 23. Rfe1 Qg5 24. Qd2 f4 25. exf4 exf4 26. gxf4 Qh4 27. h3 Nf2+ 28.
Kg1 Nxh3+ 0-1

[Event "Tournoi de +55 ans de Muret"]
[Site "Muret"]
[Date "2014.06.24"]
[Round "2.3"]
[White "Orlovic, Isa"]
[Black "Saunders, Mark"]
[Result "1/2-1/2"]
[WhiteElo "1856"]
[BlackElo "1759"]
[PlyCount "121"]
[EventDate "2014.??.??"]

1. e4 e6 2. d4 d5 3. exd5 exd5 4. Bb5+ c6 5. Be2 Bd6 6. Nf3 Ne7 7. O-O O-O 8.
Nbd2 Qc7 9. Re1 Ng6 10. Nf1 Nf4 11. Be3 Nxe2+ 12. Qxe2 Bg4 13. h3 Bh5 14. g4
Bg6 15. Nh4 Nd7 16. f4 Bxf4 17. Bxf4 Qxf4 18. Qe3 Qxe3+ 19. Nxe3 Be4 20. c3 g6
21. Nhg2 Rae8 22. b3 Re7 23. Nf1 Rfe8 24. Ng3 Bxg2 25. Rxe7 Rxe7 26. Kxg2 Nf6
27. c4 Kf8 28. Rc1 Ke8 29. Kf3 Kd7 30. h4 Ne4 31. Nf1 h6 32. Rc2 Nf6 33. Ne3
Re4 34. g5 hxg5 35. hxg5 Nh7 36. cxd5 Nxg5+ 37. Ke2 Rxd4 38. dxc6+ bxc6 39. Nc4
Ne6 40. Ne5+ Ke8 41. Nxc6 Rd7 42. Rc4 Nd8 43. Nd4 f6 44. a4 Kf7 45. b4 Ne6 46.
Nb5 g5 47. Ke3 f5 48. Rc6 Re7 49. Kf2 Nf4 50. Nd6+ Kf6 51. Ne4+ Ke5 52. Nxg5
Nd3+ 53. Kf1 Nxb4 54. Rc4 Nd5 55. Nf3+ Kd6 56. Kf2 Re4 57. Nd4 Ke5 58. Nc6+ Kd6
59. Rxe4 fxe4 60. Nxa7 Kc5 61. Nb5 1/2-1/2

[Event "Tournoi de +55 ans de Muret"]
[Site "Muret"]
[Date "2014.06.24"]
[Round "2.4"]
[White "Lecoultre, Patrick"]
[Black "De Lagontrie, Jean"]
[Result "0-1"]
[WhiteElo "1702"]
[BlackElo "1855"]
[PlyCount "60"]
[EventDate "2014.??.??"]

1. d4 d5 2. Nf3 Nf6 3. c4 c6 4. e3 Bf5 5. Be2 e6 6. O-O Be7 7. b3 O-O 8. Bb2
Nbd7 9. Nbd2 Ne4 10. Rc1 Bd6 11. cxd5 exd5 12. Nxe4 Bxe4 13. Bd3 f5 14. Ne5 Qe7
15. Nxd7 Qxd7 16. f3 Bxd3 17. Qxd3 Rae8 18. Rfe1 Qc7 19. h3 Bg3 20. Re2 Qd6 21.
Rc3 Re6 22. e4 fxe4 23. fxe4 Rxe4 24. Rxe4 Bf2+ 25. Kh1 dxe4 26. Qe2 Bxd4 27.
Rc2 Bxb2 28. Rxb2 e3 29. Qc4+ Kh8 30. Qe2 Rf2 0-1

[Event "Tournoi de +55 ans de Muret"]
[Site "Muret"]
[Date "2014.06.24"]
[Round "2.5"]
[White "Auge, Jean"]
[Black "De Biasi, Robert"]
[Result "1/2-1/2"]
[WhiteElo "1851"]
[BlackElo "1630"]
[PlyCount "118"]
[EventDate "2014.??.??"]

1. e4 c5 2. g3 d6 3. c4 Nc6 4. Nc3 Nf6 5. d3 e6 6. Bg2 Be7 7. Nge2 O-O 8. O-O
a6 9. h3 e5 10. g4 Rb8 11. Ng3 Nd4 12. f4 exf4 13. Bxf4 Ne6 14. g5 Nxf4 15.
Rxf4 Nd7 16. h4 Ne5 17. Nf5 Ng6 18. Rg4 Ne5 19. Rg3 Kh8 20. Nd5 Ng6 21. h5 Bxf5
22. exf5 Nh4 23. f6 gxf6 24. gxf6 Bxf6 25. Qg4 Bd4+ 26. Kh1 Nxg2 27. Kxg2 Be5
28. Nf4 Rg8 29. Qxg8+ Qxg8 30. Rxg8+ Rxg8+ 31. Kf3 Rg5 32. Nd5 Rxh5 33. Rg1 h6
34. b4 cxb4 35. Nxb4 Rg5 36. Rb1 Rg3+ 37. Ke4 Rg4+ 38. Ke3 f5 39. Nd5 Rg7 40.
Rf1 Rg3+ 41. Ke2 Rg2+ 42. Ke3 f4+ 43. Nxf4 Bxf4+ 44. Rxf4 Rxa2 45. Rf6 Kg7 46.
Rxd6 Rb2 47. Kf4 a5 48. Kf5 Rf2+ 49. Kg4 a4 50. Rb6 Rf7 51. Rb4 Rd7 52. Rxa4
Rxd3 53. Kh5 Rd7 54. Kg4 Kg6 55. Rb4 Rc7 56. Rb6+ Rc6 57. Rxb7 Rxc4+ 58. Kg3 h5
59. Rb6+ Kg7 1/2-1/2

[Event "Tournoi de +55 ans de Muret"]
[Site "Muret"]
[Date "2014.06.24"]
[Round "2.6"]
[White "Tholey, Jean-Paul"]
[Black "Peric, Slavisa"]
[Result "1/2-1/2"]
[WhiteElo "1903"]
[BlackElo "2177"]
[PlyCount "101"]
[EventDate "2014.??.??"]

1. d4 d5 2. c4 dxc4 3. Nf3 e6 4. e3 a6 5. Bxc4 Nf6 6. Nc3 c5 7. dxc5 Qxd1+ 8.
Kxd1 Bxc5 9. Ke2 b5 10. Bd3 Bb7 11. a3 Nbd7 12. b4 Be7 13. Rd1 Rc8 14. Bb2 O-O
15. Rac1 Nb6 16. g3 Nc4 17. Bxc4 Rxc4 18. Ne5 Rc7 19. f3 Rfc8 20. e4 Kf8 21.
Ke3 Ke8 22. Ne2 Rc2 23. Rxc2 Rxc2 24. Rd2 Rxd2 25. Kxd2 Bd8 26. Bd4 Ng8 27. Nd3
f6 28. Nc5 Bc8 29. Nc3 Ne7 30. f4 Nc6 31. Be3 Bb6 32. Nb3 Bxe3+ 33. Kxe3 Ke7
34. Nc5 Kd6 35. Kd3 Kc7 36. Ne2 e5 37. Nc3 Ne7 38. Ke3 Kd6 39. Kd3 Kc6 40. Ke3
g6 41. fxe5 fxe5 42. Nd3 Kd6 43. a4 bxa4 44. Nxa4 Bd7 45. Nac5 Bb5 46. Nb7+ Kc7
47. Nbc5 Nc6 48. Kd2 Kd6 49. Nb7+ Kc7 50. Nbc5 Kd6 51. Nb7+ 1/2-1/2

[Event "Tournoi de +55 ans de Muret"]
[Site "Muret"]
[Date "2014.06.24"]
[Round "2.7"]
[White "Tourenne, Dominique"]
[Black "Hocher, Eugene"]
[Result "0-1"]
[WhiteElo "1690"]
[BlackElo "1657"]
[PlyCount "56"]
[EventDate "2014.??.??"]

1. d4 Nf6 2. c4 g6 3. Nc3 Bg7 4. e4 d6 5. f4 Nbd7 6. Nf3 O-O 7. Be2 c6 8. O-O
Qb6 9. Kh1 Rd8 10. Rb1 e5 11. fxe5 dxe5 12. c5 Qc7 13. Bg5 exd4 14. Qxd4 Re8
15. Qd6 Qxd6 16. cxd6 Nxe4 17. Nxe4 Rxe4 18. Bd3 Re6 19. Be7 Nb6 20. Ng5 Re3
21. Bc2 Be6 22. Nxe6 fxe6 23. Bb3 Bf8 24. Rbd1 Bxe7 25. dxe7 Nd5 26. Rde1 Rxe1
27. Rxe1 Kf7 28. Kg1 Re8 0-1

[Event "Tournoi de +55 ans de Muret"]
[Site "Muret"]
[Date "2014.06.24"]
[Round "2.8"]
[White "Flourac, Jean-Paul"]
[Black "Patrat, Joel"]
[Result "0-1"]
[WhiteElo "1531"]
[BlackElo "1867"]
[PlyCount "78"]
[EventDate "2014.??.??"]

1. d4 f5 2. e4 fxe4 3. Nc3 Nf6 4. Bg5 g6 5. f3 exf3 6. Nxf3 Bg7 7. Bc4 e6 8.
O-O O-O 9. d5 c6 10. dxe6 d5 11. Bb3 Bxe6 12. Re1 Bg4 13. Rf1 Kh8 14. Qd3 Nbd7
15. Qd4 Qb6 16. Be3 c5 17. Qa4 d4 18. Nxd4 cxd4 19. Bxd4 Qc6 20. Qb4 a5 21. Qc4
Rac8 22. Qd3 Bf5 23. Rxf5 gxf5 24. Ba4 Nc5 25. Bxc6 Nxd3 26. Bxb7 Rb8 27. Ba6
Nb4 28. Bd3 Nxd3 29. cxd3 Rxb2 30. Nd1 Rd2 31. Nf2 Ng4 32. Bxg7+ Kxg7 33. Rf1
Nxf2 34. Rxf2 Rxd3 35. h3 h5 36. Rb2 Kg6 37. h4 a4 38. Rb6+ Rf6 39. Rb2 Rfd6
0-1

[Event "Tournoi de +55 ans de Muret"]
[Site "Muret"]
[Date "2014.06.24"]
[Round "2.10"]
[White "Parpinel, Mario"]
[Black "Hazarabedian, Guy"]
[Result "0-1"]
[WhiteElo "1665"]
[BlackElo "1381"]
[PlyCount "111"]
[EventDate "2014.??.??"]

1. e4 e6 2. d4 c6 3. Nf3 d5 4. e5 Nd7 5. Bd3 c5 6. c3 cxd4 7. cxd4 Ne7 8. O-O
Ng6 9. Nc3 a6 10. Bg5 Be7 11. Be3 O-O 12. h3 b5 13. Nh2 Bb7 14. Ne2 Rc8 15. Qd2
Qb6 16. f4 Qd8 17. f5 exf5 18. Bxf5 Rc7 19. e6 fxe6 20. Bxe6+ Kh8 21. Bxd7 Rxd7
22. Ng4 Bd6 23. Rxf8+ Qxf8 24. a3 Rf7 25. Re1 b4 26. axb4 Bxb4 27. Nc3 Rf5 28.
Qe2 Nf4 29. Bxf4 Rxf4 30. Rf1 Rxf1+ 31. Qxf1 Qxf1+ 32. Kxf1 Kg8 33. Ke2 Kf7 34.
Ne5+ Ke6 35. Kd3 a5 36. Ne2 Ba6+ 37. Ke3 Bb7 38. Nf4+ Kf5 39. g4+ Kg5 40. Nf7+
Kf6 41. Nd8 Ba8 42. Nde6 g5 43. Nxd5+ Bxd5 44. Nc5 Bg2 45. Ne4+ Kg6 46. Nf2 h6
47. b3 Be1 48. h4 gxh4 49. Nd3 Bb4 50. Nf4+ Kg5 51. Nxg2 h3 52. Nf4 h2 53. Nh3+
Kxg4 54. Nf2+ Kg3 55. Ke2 Kg2 56. d5 0-1

[Event "Tournoi de +55 ans de Muret"]
[Site "Muret"]
[Date "2014.06.24"]
[Round "2.11"]
[White "Lamory, Jacques"]
[Black "Mauduit, Emile"]
[Result "0-1"]
[WhiteElo "1200"]
[BlackElo "1619"]
[PlyCount "94"]
[EventDate "2014.??.??"]

1. d4 Nf6 2. Nf3 g6 3. Bg5 Bg7 4. c4 c5 5. e3 cxd4 6. exd4 O-O 7. Nc3 d6 8. Be2
Nbd7 9. O-O Nb6 10. Qd2 Bg4 11. Bh6 Bxf3 12. Bxf3 Nxc4 13. Qc1 Rb8 14. Rb1 d5
15. b3 Nb6 16. Qe3 e6 17. Bg5 Nbd7 18. Rfe1 Qb6 19. Bf4 Rbc8 20. Rbc1 Ne8 21.
Ne2 Nc7 22. Bxc7 Rxc7 23. Rxc7 Qxc7 24. Rc1 Qa5 25. g3 Qxa2 26. Rc7 Nb6 27.
Rxb7 Nc8 28. Nc3 Qa1+ 29. Bd1 Nd6 30. Rd7 Nf5 31. Qd2 Nxd4 32. Qa2 Qxc3 33.
Rxa7 Qe1+ 34. Kg2 Qxd1 35. Ra8 Qf3+ 36. Kh3 Qxb3 37. Qa7 Nf5 38. Kg2 Qc2 39.
Rxf8+ Bxf8 40. Kh3 Bc5 41. Qc7 Qxf2 42. Qb8+ Kg7 43. Qe5+ Kh6 44. Qf4+ Qxf4 45.
gxf4 d4 46. Kg4 d3 47. h4 d2 0-1

[Event "Tournoi de +55 ans de Muret"]
[Site "Muret"]
[Date "2014.06.24"]
[Round "2.12"]
[White "Fora, Jean-Paul"]
[Black "Orlovic, Lucie"]
[Result "1-0"]
[WhiteElo "1532"]
[BlackElo "1108"]
[PlyCount "43"]
[EventDate "2014.??.??"]

1. b4 e5 2. Bb2 Nc6 3. b5 Nd4 4. e3 Bc5 5. exd4 exd4 6. Nf3 Qf6 7. Be2 b6 8.
O-O Qd6 9. d3 Ne7 10. Nbd2 Nf5 11. Ne4 Qd5 12. Qd2 O-O 13. Qf4 Nd6 14. Nxc5
bxc5 15. a4 a6 16. c4 a5 17. cxd5 Bb7 18. Rfe1 h6 19. Ne5 Bxd5 20. Nxd7 Rfe8
21. Nxc5 Re7 22. Bxd4 1-0

[Event "Tournoi de +55 ans de Muret"]
[Site "Muret"]
[Date "2014.06.25"]
[Round "3.1"]
[White "Milnes, Anthony C P"]
[Black "De Lagontrie, Jean"]
[Result "1/2-1/2"]
[WhiteElo "2043"]
[BlackElo "1855"]
[PlyCount "50"]
[EventDate "2014.??.??"]

1. f4 g6 2. Nf3 Bg7 3. e4 c5 4. Nc3 Nc6 5. Bb5 Nd4 6. O-O Nxb5 7. Nxb5 d5 8. e5
d4 9. c3 a6 10. Na3 d3 11. c4 Nh6 12. b3 O-O 13. Bb2 Bd7 14. Rc1 Bc6 15. Qe1 e6
16. Ng5 Nf5 17. Rc3 Qd4+ 18. Kh1 Rad8 19. Rc2 Qd7 20. Rc1 b6 21. Nb1 Qb7 22.
Qf2 Rd7 23. Nc3 h6 24. Nf3 Rfd8 25. Nd1 h5 1/2-1/2

[Event "Tournoi de +55 ans de Muret"]
[Site "Muret"]
[Date "2014.06.25"]
[Round "3.2"]
[White "Saunders, Mark"]
[Black "Gregory, Daniel"]
[Result "1-0"]
[WhiteElo "1759"]
[BlackElo "2077"]
[PlyCount "67"]
[EventDate "2014.??.??"]

1. e4 e6 2. d4 d5 3. Nc3 Bb4 4. Nge2 Ne7 5. a3 Ba5 6. b4 Bb6 7. Ng3 dxe4 8. Be3
Nbc6 9. Bb5 O-O 10. Nce2 f5 11. c4 a5 12. c5 Ba7 13. Qd2 Bd7 14. O-O Nd5 15.
Bxc6 Bxc6 16. Rfb1 Qd7 17. Nh5 a4 18. Nc3 Nxc3 19. Qxc3 Bd5 20. Bf4 Qf7 21. Qh3
Qe7 22. Be5 Rf7 23. Re1 Bb8 24. Qg3 Qf8 25. c6 Bxc6 26. Rac1 Ba7 27. Re3 Rd8
28. Nf4 Bd5 29. Qh4 Rdd7 30. Rh3 h6 31. Ng6 Qd8 32. Qg3 Kh7 33. Nf4 g5 34.
Rxh6+ 1-0

[Event "Tournoi de +55 ans de Muret"]
[Site "Muret"]
[Date "2014.06.25"]
[Round "3.3"]
[White "Darrigues, Alain"]
[Black "Orlovic, Isa"]
[Result "1/2-1/2"]
[WhiteElo "1831"]
[BlackElo "1856"]
[PlyCount "138"]
[EventDate "2014.??.??"]

1. d4 d5 2. c4 e6 3. Nc3 Nf6 4. cxd5 exd5 5. Bg5 Be7 6. Qc2 c6 7. e3 h6 8. Bh4
Nbd7 9. Bd3 Nf8 10. Nf3 Ne6 11. O-O O-O 12. Rab1 Re8 13. b4 Ng4 14. Bg3 Bd6 15.
Ne2 Ng5 16. Nxg5 Bxg3 17. Bh7+ Kf8 18. Nxg3 Qxg5 19. Bf5 g6 20. Bxg4 Bxg4 21.
Rbe1 h5 22. f4 Qf6 23. f5 g5 24. Qc5+ Qe7 25. Qxe7+ Rxe7 26. h3 h4 27. hxg4
hxg3 28. Rf3 a5 29. bxa5 Rxa5 30. Re2 Ra4 31. Kf1 c5 32. f6 Re6 33. dxc5 Rc4
34. Rxg3 Rxf6+ 35. Rf3 Ke7 36. Rb2 Rxf3+ 37. gxf3 Rxc5 38. Rxb7+ Ke6 39. Rb2
Rc3 40. Ke2 Ke5 41. Rd2 Ra3 42. Rc2 f5 43. gxf5 Kxf5 44. Kf2 g4 45. fxg4+ Kxg4
46. Rd2 Ra5 47. Rd4+ Kf5 48. a4 Ke5 49. Ke2 Kd6 50. Kd3 Kc5 51. Kc3 Ra8 52. Rb4
Kc6 53. Kd4 Re8 54. Kd3 Ra8 55. Rh4 Kc5 56. Rd4 Ra7 57. Kc3 Re7 58. Kd3 Ra7 59.
e4 dxe4+ 60. Rxe4 Kb6 61. Kc3 Ka5 62. Kb3 Rb7+ 63. Ka3 Rb1 64. Re5+ Ka6 65. Re3
Ra1+ 66. Kb4 Rb1+ 67. Kc5 Ka5 68. Re4 Rc1+ 69. Kd6 Rc2 1/2-1/2